|
|
|
|
| LEADER |
00000nas a2200000 a 4500 |
| 001 |
ssj0000495265 |
| 003 |
WaSeSS |
| 005 |
20200512172242.0 |
| 006 |
m d |
| 007 |
cr n |
| 008 |
060630c199u9999sp x os 0 a0spa d |
| 022 |
|
|
|y 1136-8136
|
| 035 |
|
|
|a (WaSeSS)ssj0000495265
|
| 040 |
|
|
|a WaSeSS
|c WaSeSS
|d WaSeSS
|
| 041 |
|
|
|a spaeng
|
| 050 |
|
4 |
|a LC3991
|
| 245 |
0 |
0 |
|a Faísca
|h [electronic resource].
|
| 246 |
1 |
|
|a Revista de altas capacidades
|
| 260 |
|
|
|a Madrid :
|b Universidad Complutense de Madrid
|
| 506 |
|
|
|a License restrictions may limit access.
|
| 546 |
|
|
|a Articles mainly in Spanish, abstracts in Spanish and English.
|
| 588 |
|
|
|a Description based on: Vol. 6 (1998) ; title from journal home page (publisher's website, viewed Aug. 18, 2011).
|
| 588 |
|
|
|a Latest issue consulted: Vol. 15, no. 1 (2010) (viewed Aug. 18, 2011).
|
| 650 |
|
0 |
|a Gifted children
|y Education
|v Periodicals.
|
| 655 |
|
0 |
|a Electronic journals.
|
| 776 |
1 |
|
|i Also issued in print:
|t Faísca
|x 1136-8136
|
| 856 |
4 |
0 |
|z Full text available from PRISMA Database with HAPI Index: 01/01/2006 to 01/31/2010
|u https://search.proquest.com/publication/85377
|